| STA | |a MIBE-2021 |
| FMT | BK |
| LDR | nab a22 a 4500 |
| 001 | 000471792 |
| 005 | 20241010090937.0 |
| 006 | m d |
| 007 | cr nuu---uuuuu |
| 008 | 211021s2021 sp 000 0 spa d |
| 040 | |a ES-MaBBE |
| 098 | |a E4 |e Bancos centrales y otras autoridades monetarias |
| 098 | |a Z13 |e Museos |
| 1001 | |a Romero Gómez, Yolanda |
| 24510 | |a 2328 reales de vellón |h [Recurso electrónico] : |b Goya y los orígenes de la Colección Banco de España / |c Yolanda Romero. |
| 24611 | |a Dos mil trescientos veintiocho reales de vellón |
| 500 | |a Capítulo de libro |
| 506 | |a Acceso público y gratuito a la versión electrónica en Internet |
| 651 4 | |a España |
| 61024 | |a Banco de España |
| 85641 | |z Acceso al texto completo |u https://coleccion.bde.es/wca/es/secciones/publicaciones/cat2328rdv.html |
| LKR | |a ANA |b 000471789 |l NSB01 |n 2328 reales de vellón : Goya y los orígenes de la Colección Banco de España. -- Madrid : Banco de España, 2021. -- p. 9-11 |m 2328 reales de vellón : Goya y los orígenes de la Colección Banco de España / Yolanda Romero. -- p. 9-11 |
| TYP | |a Artículo |
| TYP | |a Recurso electronico |
| TYP | |a EL |b Acceso |
| SYS | 000471792 |
2013 Banco de España, Madrid, España. Reservados todos los derechos
Basado en Ex Libris (© 2009 Ex Libris)